Responses for Show #5273 - Wednesday, July 11, 2007

Contestants

[<< previous game]

Sheila Runyon, a retired programmer from Omaha, Nebraska

Zach Baker, a computer programmer from Downey, California

Monica Lenhard, a teacher from Royal Oak, Michigan (whose 1-day cash winnings total $21,000)

[next game >>]

Jeopardy! Round responses

AUSTIN
CELEBRITY PAINTERS
LULLABIES THAT ROCK
THE NEW YORK TIMES DINING
HOLIDAYS & OBSERVANCES
THE "WASH" ROOM
    $200 25
Jefferson Davis

Monica
    $200 1
Frank Sinatra

Monica
    $200 21
[Monica rang in after the clue was read but before the music was played; the board had been improperly armed, allowing her to ring in early. The board was disarmed, re-armed, and Zach rang in and gave the correct response. Zach's correct response was initially credited, but was then thrown out before the Double Jeopardy! Round because of the arming error.]

"Rock-a-bye Baby"

Triple Stumper
    $200 16
the crust

Zach
    $200 6
the yo-yo

Zach
    $200 9
mouthwash

Monica
    $400 26
bats

Zach
    $400 2
Sylvester Stallone

Monica
    $400 22
"Twinkle, Twinkle, Little Star"

Zach
    $400 17
the wine list

Sheila
    $400 7
a telephone operator

Zach
    $400 10
a dishwasher

Sheila
    $600 27
Austin City Limits

Sheila
    $600 3
Tony Bennett

Zach
    $600 23
(Zach: What is "Jingle Bells"?)

"Silent Night"

MonicaZach
    $600 18
Ethiopian

Zach
    $600 8
(Sheila: Who is Daniel Defoe?)
...
(Alex: Yes, you picked the author instead of the character.)

Robinson Crusoe

MonicaSheila
    $600 11
whitewash

Sheila
    $800 30
George Washington Carver

Zach
    $800 4
Paul McCartney

Monica
    $800 24
(Monica: Um, what is "Mockingbird"?)
[Originally ruled incorrect; reversed before the Double Jeopardy! Round when the researchers found "Mockingbird" as an alternate title]

"Hush Little Baby (Don't You Cry)"

Monica
    $800 19
(Sheila: What is Iron Chef?)

Top Chef

ZachSheila
    $800 14
towels

Monica
    $800 12
wishy-washy

Monica
    $1000 29
the Chisholm Trail

Monica
    $1000 5
Donna Summer

Monica
    $1000 28
Brahms

Zach
    $2,400 20
a tandoori oven

Zach
    $1000 15
the race

Zach
    $1000 13
a swashbuckler

Zach

Scores at the first commercial break (after clue 15):

Monica Zach Sheila
$4,800 $3,200 $400

Scores at the end of the Jeopardy! Round:

Monica Zach Sheila
$7,400 $9,200 $600

Double Jeopardy! Round responses

VIENNA'S IMPERIAL PALACE
CINEMA SHORTHAND
(Alex: ...and you have to identify the movie.)
QUOTATIONS
GET YOUR FACTS STRAIGHT
MARMOSET
KNOCK U OUT
(Alex: And in that last category, we'll need two responses. One word will have a "U" in it. The other word will be exactly the same, but minus the "U".)
    $400 6
the Spanish Riding School

Sheila
    $400 12
Frankenstein

Monica
    $400 1
Napoleon

Monica
    $400 7
Coca-Cola

Zach
    $400 21
the tail

Sheila
    $400 16
house & hose

Zach
    $800 26
[The end-of-round signal sounds.]

Emperor Franz Joseph

Monica
    $800 13
Speed

Zach
    $800 2
(Rudy) Giuliani

Monica
    $800 8
the AARP

Monica
    $800 22
the Amazon

Zach
    $800 17
(Sheila: What is arouse and a rose?)
...
(Alex: "A rose" is not the correct part.)

rouse & rose

ZachSheila
    $1200 14
Star Wars

Sheila
    $1200 3
(Susan B.) Anthony

Zach
    $1200 9
(Monica: What is folic acid?)

niacin

MonicaSheila
    $1200 23
eggs

Monica
    $1200 18
found & fond

Monica
    $1,500 15
(Sheila: What is... Oh, shoot...)

12 Angry Men

Sheila
    $1600 4
(Monica: What is in hell?)
[Laughter]
(Sheila: What is in Massachusetts?)
[Laughter]

at the top

MonicaZachSheila
    $1600 10
asthma

Zach
    $1600 24
(Monica: What is Mammalia?)

primates

MonicaZach
    $1600 19
pout & pot

Monica
    $2000 5
Eugene Cernan

Triple Stumper
    $2000 11
Thomas Hardy

Triple Stumper
    $2000 25
(Zach: What are thumbs?)

nails

ZachSheila
    $3,000 20
laud & lad

Monica

Scores at the end of the Double Jeopardy! Round:

Monica Zach Sheila
$13,200 $16,400 $1,900

[wagering suggestions for these scores]

Final Jeopardy! Round responses

COMMUNICATIONS PIONEERS
SheilaWho is Edison
$1,900
MonicaWho is Bell?
$9,019
ZachWho is Morse?
$10,001
Samuel Morse

Final scores:

Monica Zach Sheila
$4,181 $26,401 $0
2nd place: $2,000 New champion: $26,401 3rd place: $1,000

Game dynamics:

Coryat scores:

Monica Zach Sheila
$12,200 $15,000 $3,400
21 R
(including 1 DD),
3 W
22 R
(including 1 DD),
2 W
9 R,
5 W
(including 1 DD)

Combined Coryat: $30,600

[game clues] [game scores] [suggest correction]

Game tape date: 2007-04-13
The J! Archive is created by fans, for fans. Scraping, republication, monetization, and malicious use prohibited; this site may use cookies and collect identifying information. See terms. The Jeopardy! game show and all elements thereof, including but not limited to copyright and trademark thereto, are the property of Jeopardy Productions, Inc. and are protected under law. This website is not affiliated with, sponsored by, or operated by Jeopardy Productions, Inc. Join the discussion at JBoard.tv.